00841cam a22002651 4500001001300000003000400013005001700017008004100034010001700075025001900092035001900111040001900130042001200149050001900161082001900180110007100199245004800270260002100318300002700339500009300366504003000459650004200489700002700531999001700558sa 66008133 DLC20260227112310.0800324s1966 ii a b 000 0 eng  asa 66008133  aPL480:I-E-7033 a(OCoLC)6122018 aDLCcNBuUdDLC apremarc00aHD9710.I42bH5 a338.47629209542 aHindustan Motors Ltd.bDepartment of Economic and Market Research.14aThe automobile industry in India;ba study. aCalcuttac[1967] a102 p.billus.c24 cm. a"Prepared by Dr. N. Das ... in collaboration with Mr. Tapan Piplai and Dr. M. K. Raina." aBibliography: p. 101-102. 0aAutomobile industry and tradezIndia.1 aDas, Nabagopal,d1910- c71669d71669